[Event "Ponte de Lima op"]
[Site "Ponte de Lima"]
[Date "2024.04.10"]
[Round "2"]
[White "Audi, Ameya"]
[Black "Ribeiro, Orlando Camilo Duar"]
[Result "1-0"]
[WhiteElo "2387"]
[BlackElo "2009"]
[PlyCount "111"]
[EventDate "2024.04.09"]
[EventType "swiss"]
[EventRounds "9"]
[EventCountry "POR"]
[SourceTitle "CB17_2024"]
[SourceDate "2024.04.24"]
[SourceVersion "1"]
[SourceVersionDate "2024.04.24"]
[SourceQuality "1"]

1. e4 c5 2. Nf3 d6 3. d4 cxd4 4. Nxd4 Nf6 5. Nc3 g6 6. Be3 Bg7 7. f3 0-0 8. Qd2 Nc6 9. Bc4 Bd7 10. 0-0-0 Rc8 11. Bb3 Ne5 12. Kb1 Nc4 13. Bxc4 Rxc4 14. g4 b5 15. b3 Rc8 16. Nd5 a5 17. h4 Nxd5 18. exd5 Qc7 19. Bh6 Qc3 20. Bxg7 Qxd2 21. Rxd2 Kxg7 22. h5 Rc5 23. h6+ Kg8 24. Re1 Re8 25. Ne2 b4 26. Kb2 Kf8 27. c4 bxc3+ 28. Nxc3 Rec8 29. Ne4 R5c7 30. Ng5 f6 31. Ne6+ Bxe6 32. dxe6 Ke8 33. Ree2 Rc5 34. Rc2 Rxc2+ 35. Rxc2 Rxc2+ 36. Kxc2 Kd8 37. b4 axb4 38. Kb3 Kc7 39. Kxb4 Kb6 40. f4 Kc6 41. f5 gxf5 42. gxf5 Kb6 43. Kc4 Kc6 44. Kd4 Kb5 45. Kd5 Kb6 46. a4 Kb7 47. a5 Kc7 48. a6 Kb6 49. a7 Kxa7 50. Kc6 d5 51. Kd7 d4 52. Kxe7 d3 53. Kxf6 d2 54. e7 d1Q 55. e8Q Qa1+ 56. Qe5 1-0

[Event "Fagernes op"]
[Site "Fagernes"]
[Date "2024.03.26"]
[Round "3"]
[White "Can, Isik"]
[Black "Audi, Ameya"]
[Result "1/2-1/2"]
[WhiteElo "2493"]
[BlackElo "2378"]
[PlyCount "102"]
[EventDate "2024.03.24"]
[EventType "swiss"]
[EventRounds "9"]
[EventCountry "NOR"]
[SourceTitle "CB14_2024"]
[SourceDate "2024.04.01"]
[SourceVersion "1"]
[SourceVersionDate "2024.04.01"]
[SourceQuality "1"]

1. d4 Nf6 2. c4 g6 3. Nc3 d5 4. Nf3 Bg7 5. Bg5 Ne4 6. cxd5 Nxg5 7. Nxg5 e6 8. Qd2 h6 9. Nf3 exd5 10. e3 0-0 11. Bd3 Re8 12. 0-0 Nc6 13. Rfc1 Bg4 14. Be2 Ne7 15. h3 Bxf3 16. Bxf3 c6 17. b4 a6 18. a4 Nf5 19. Bg4 Nd6 20. Nd1 Nc4 21. Qc3 h5 22. Be2 b5 23. axb5 axb5 24. Rxa8 Qxa8 25. Ra1 Qb8 26. Nb2 Qb6 27. Kf1 Kh7 28. Ra2 Qc7 29. Kg1 Qe7 30. Bf3 Bf8 31. Nd3 Qg5 32. Ra6 Re6 33. Ne5 Nxe5 34. dxe5 Qh4 35. Rxc6 Bxb4 36. Qc2 Rxe5 37. Qb2 Qe7 38. Rc8 Qd7 39. Rb8 Bd6 40. Rxb5 Qc6 41. Rb6 Qc5 42. Rb5 Qc4 43. Rb7 d4 44. Qb3 Qc1+ 45. Qd1 Qxd1+ 46. Bxd1 dxe3 47. Rxf7+ Kg8 48. Rf6 Bc5 49. fxe3 Bxe3+ 50. Kf1 Kg7 51. Rf3 h4 1/2-1/2

[Event "Monsaraz Rapid op"]
[Site "Monsaraz"]
[Date "2023.11.25"]
[Round "6"]
[White "Audi, Ameya"]
[Black "Bernadskiy, Vitaliy"]
[Result "0-1"]
[WhiteElo "2371"]
[BlackElo "2546"]
[PlyCount "160"]
[EventDate "2023.11.25"]
[EventType "swiss (rapid)"]
[EventRounds "9"]
[EventCountry "POR"]
[SourceTitle "CB48_2023"]
[SourceDate "2023.11.29"]
[SourceVersion "1"]
[SourceVersionDate "2023.11.29"]
[SourceQuality "1"]

1. d4 Nf6 2. Nf3 b6 3. Bf4 Bb7 4. e3 Nh5 5. Bg5 h6 6. Bh4 g5 7. Bg3 Nxg3 8. hxg3 Bg7 9. Nbd2 d6 10. a4 a5 11. Bd3 Nd7 12. c3 e6 13. Qe2 Qe7 14. Be4 c6 15. g4 Nf6 16. Nh2 Nxe4 17. Nxe4 Ba6 18. Qf3 d5 19. Ng3 0-0-0 20. Nh5 Bf8 21. Nf1 Qc7 22. Nfg3 Bd6 23. Nf6 Kb8 24. Ne2 Be7 25. Ng3 Bd6 26. Ngh5 Ka7 27. Qd1 e5 28. f3 Qe7 29. Kf2 Qe6 30. Rb1 Be7 31. dxe5 Qxe5 32. Qd4 Qe6 33. b4 c5 34. bxc5 bxc5 35. Qd2 Bxf6 36. Nxf6 Qxf6 37. c4 d4 38. e4 d3 39. Qxa5 Qd4+ 40. Kg3 Qd6+ 41. Kf2 Rb8 42. Rb5 Rhc8 43. Rhb1 d2 44. Rd1 Qd4+ 45. Kg3 Qd8 46. Qxd8 Rxd8 47. Rxc5 Rb2 48. Kf2 Kb6 49. Rd5 Rxd5 50. cxd5 Bc4 51. Ke3 Bb3 52. Rxd2 Rxd2 53. Kxd2 Bxa4 54. Ke3 Kc5 55. Kd3 f6 56. Kc3 Bb5 57. Kd2 Bf1 58. Ke1 Bb5 59. Kf2 Kd4 60. Kg3 Ke3 61. Kh2 Kf2 62. Kh3 Ba6 63. Kh2 Bf1 64. d6 Bb5 65. Kh3 Bd7 66. Kh2 Ke3 67. Kg3 Be6 68. Kh2 Kd4 69. Kg3 Ke5 70. Kf2 Kxd6 71. Ke3 Kc5 72. g3 Bd7 73. Kd3 Ba4 74. Ke3 Bd1 75. e5 fxe5 76. Ke4 Bxf3+ 77. Kxe5 Bxg4 78. Kf6 Bc8 79. Kg6 g4 80. Kxh6 Kd4 0-1

[Event "Lagos op 1st"]
[Site "Lagos"]
[Date "2023.10.30"]
[Round "4"]
[White "Audi, Ameya"]
[Black "Bernadskiy, Vitaliy"]
[Result "1/2-1/2"]
[WhiteElo "2372"]
[BlackElo "2524"]
[PlyCount "64"]
[EventDate "2023.10.28"]
[EventType "swiss"]
[EventRounds "9"]
[EventCountry "POR"]
[SourceTitle "Mega2024 Update 01"]
[Source "Chessbase"]
[SourceDate "2023.11.12"]
[SourceVersion "1"]
[SourceVersionDate "2023.11.12"]
[SourceQuality "1"]

1. e4 c5 2. Nf3 d6 3. d4 cxd4 4. Nxd4 Nf6 5. Nc3 g6 6. Be3 Nc6 7. f3 h5 8. Bc4 Bd7 9. Qd2 Nxd4 10. Bxd4 Bh6 11. Qf2 Qa5 12. 0-0 e5 13. Be3 Bxe3 14. Qxe3 Rc8 15. Bb3 Qc5 16. Qxc5 dxc5 17. Bc4 Bc6 18. Rae1 Nd7 19. Nb5 Bxb5 20. Bxb5 a6 21. Bxd7+ Kxd7 22. f4 exf4 23. Rxf4 Ke7 24. Ref1 Rhf8 25. Kf2 Rc6 26. h4 Re6 27. Rd1 Re5 28. Rd3 b5 29. Ra3 Re6 30. Rd3 Re5 31. Ra3 Re6 32. Rd3 Re5 1/2-1/2